| 000 | 02066cam a2200457Ii 4500 | ||
|---|---|---|---|
| 001 | 943646604 | ||
| 003 | OCoLC | ||
| 005 | 20161013134823.0 | ||
| 008 | 160220s2014 enka j 000 1 spa d | ||
| 020 | _a9781846439056 | ||
| 020 | _a1846439051 | ||
| 040 |
_aBTCTA _erda _beng _cBTCTA _dNYP _dOCLCO _dOCLCF _dOCLCO _dCGP _dVP@ _dSXP |
||
| 041 | 0 |
_aeng _aspa |
|
| 100 | 1 |
_aDicmas, Courtney, _eauthor, _eillustrator. |
|
| 245 | 1 | 0 |
_aQué locura! a la hora de comer = Wild! mealtime / _cCourtney Dicmas; traducido por: Teresa Mlawer. |
| 246 | 3 | 1 | _aWild mealtime |
| 246 | 3 | 1 | _aMealtime |
| 260 |
_aSwindon : _bChild's Play (International) Ltd., _c[2014] |
||
| 264 | 1 |
_aSwindon : _bChild's Play (International) Ltd., _c[2014] |
|
| 300 |
_a1 volume (unpaged) : _bchiefly color illustrations ; _c16 cm. |
||
| 336 |
_atext _btxt _2rdacontent. |
||
| 336 |
_astill image _bsti _2rdacontent. |
||
| 337 |
_aunmediated _bn _2rdamedia. |
||
| 338 |
_avolume _bnc _2rdacarrier. |
||
| 490 | _aWild! | ||
| 500 | _aOn board pages. | ||
| 500 | _aTitle on cover. | ||
| 520 | _a℗ŁLa hora de comer puede ser una locura, especialmente si se trata de animales beb©♭! A veces desordenado, con frecuencia ca©đtico y casi siempre agotador, este momento nos brinda excelentes oportunidades de estrechar v©Ưnculos ©ðnicos y especiales.--Page 4 of cover. | ||
| 520 | _a"Mealtimes can be wild, especially when animal babies are involved! Sometimes messy, often chaotic and always exhausting, they offer perfect bonding opportunities - of a kind!"--Page 4 of cover. | ||
| 546 | _aText in English and Spanish. | ||
| 650 | 0 |
_aAnimals _xInfancy _vJuvenile fiction. |
|
| 650 | 0 |
_aAnimals _xFood _vJuvenile fiction. |
|
| 650 | 7 |
_aAnimals _xFood. _2fast _0(OCoLC)fst00809499. |
|
| 650 | 7 |
_aAnimals _xInfancy. _2fast _0(OCoLC)fst00809510. |
|
| 650 | 7 |
_aBoard books. _2fast _0(OCoLC)fst01202255. |
|
| 655 | 0 | _aBoard books. | |
| 655 | 7 |
_aFiction. _2fast _0(OCoLC)fst01423787. |
|
| 655 | 7 |
_aJuvenile works. _2fast _0(OCoLC)fst01411637. |
|
| 700 | 1 |
_aMlawer, Teresa, _etranslator. |
|
| 942 | _cBK | ||
| 999 |
_c16237 _d16237 |
||